[Event "DVM U14 2015"]
[Site "Verden/Aller GER"]
[Date "2015.12.27"]
[Round "2"]
[White "Biastoch, Bennet"]
[Black "Salem Elier, Ali"]
[Result "0-1"]
[Termination "normal"]
[Board "1.2"]
[WhiteElo "2051"]
[BlackElo "1567"]
[WhiteTeam "SG Aufbau Elbe Magdeburg"]
[BlackTeam "SF Brackel 1930"]
[PlyCount "90"]
[WhiteFideId "12939889"]
[BlackFideId "16217543"]
[EventCountry "GER"]
[EventRounds "7"]
[EventType "team-swiss"]
[EventDate "2015.12.26"]

1. e4 e5 2. Nf3 Nc6 3. Bb5 Nge7 4. O-O g6 5. c3 Bg7 6. Re1 O-O 7. d4 exd4 8.
cxd4 d6 9. h3 a6 10. Bf1 d5 11. e5 Bf5 12. Bg5 h6 13. Be3 g5 14. Bd3 Bg6 15.
Nc3 Qd7 16. Bxg6 Nxg6 17. Qb3 Rfd8 18. Qc2 Nge7 19. Rad1 Qe6 20. Ne2 Kh8 21.
Ng3 Rg8 22. Nh2 Qg6 23. Qb3 Rab8 24. Nf3 Rgd8 25. Qc3 Nf5 26. Qd3 Nxg3 27. Qxg6
fxg6 28. fxg3 Kg8 29. g4 b6 30. a3 Na5 31. h4 gxh4 32. Nxh4 Kh7 33. Rf1 Rf8 34.
Rf3 Rbd8 35. Rdf1 Nc4 36. Bc1 c5 37. b3 Na5 38. Bb2 Nc6 39. dxc5 bxc5 40. Rf7
d4 41. e6 Rde8 42. Bc1 Na5 43. Rc7 Rxf1+ 44. Kxf1 Rxe6 45. Rxc5 Nxb3 0-1

[Event "DVM U14 2015"]
[Site "Verden/Aller GER"]
[Date "2015.12.27"]
[Round "2"]
[White "Kartsev, Nikolaj"]
[Black "Wagner, Benjamin"]
[Result "0-1"]
[Termination "normal"]
[Board "1.3"]
[WhiteElo "1700"]
[BlackElo "1829"]
[WhiteTeam "SF Brackel 1930"]
[BlackTeam "SG Aufbau Elbe Magdeburg"]
[PlyCount "70"]
[WhiteFideId "12939536"]
[BlackFideId "12957330"]
[EventCountry "GER"]
[EventRounds "7"]
[EventType "team-swiss"]
[EventDate "2015.12.26"]

1. e4 e5 2. Nf3 Nc6 3. Bb5 a6 4. Ba4 Nf6 5. d3 b5 6. Bb3 Bc5 7. O-O d6 8. c3 h6
9. h3 Ba7 10. Nbd2 g5 11. Nh2 g4 12. Nxg4 Nxg4 13. hxg4 Qh4 14. Qf3 Nd8 15. Qh3
Qf6 16. Nf3 h5 17. g5 Qg7 18. Qh4 Bg4 19. Bd1 Ne6 20. Nh2 O-O-O 21. Kh1 Bxd1
22. Rxd1 Rdg8 23. Nf3 Kb7 24. Bd2 f6 25. Qh3 Nxg5 26. Nxg5 fxg5 27. Be3 Bxe3
28. Qxe3 h4 29. Kh2 g4 30. Rh1 g3+ 31. Kg1 h3 32. f3 hxg2 33. Kxg2 Rh2+ 34.
Rxh2 gxh2+ 35. Kxh2 Qg2# 0-1

[Event "DVM U14 2015"]
[Site "Verden/Aller GER"]
[Date "2015.12.27"]
[Round "2"]
[White "Cejda, Cecilia"]
[Black "Kracht, Raphael"]
[Result "1-0"]
[Termination "normal"]
[Board "1.4"]
[WhiteElo "1600"]
[BlackElo "1689"]
[WhiteTeam "SG Aufbau Elbe Magdeburg"]
[BlackTeam "SF Brackel 1930"]
[PlyCount "115"]
[WhiteFideId "12921122"]
[BlackFideId "16214382"]
[EventCountry "GER"]
[EventRounds "7"]
[EventType "team-swiss"]
[EventDate "2015.12.26"]

1. e4 e5 2. Nf3 Nc6 3. Nc3 Nf6 4. d4 exd4 5. Nxd4 Bb4 6. Nxc6 bxc6 7. Bd3 d5 8.
exd5 cxd5 9. O-O O-O 10. Bg5 Be6 11. Ne2 Be7 12. Nf4 Nd7 13. Bxe7 Qxe7 14. Nxe6
fxe6 15. Re1 Rab8 16. Rb1 Qf6 17. Qe2 Nc5 18. b3 Nxd3 19. cxd3 Kf7 20. Rbc1
Rfc8 21. Qh5+ Kg8 22. Qe5 Qxe5 23. Rxe5 Kf7 24. Kf1 c5 25. f4 Rb4 26. g3 g6 27.
Rc3 Rb6 28. Re2 a5 29. Rec2 Rbc6 30. Ke1 Ke7 31. Kd2 Kd6 32. Rc1 e5 33. fxe5+
Kxe5 34. Re1+ Kd6 35. Rf1 Ke6 36. Rcc1 c4 37. dxc4 dxc4 38. bxc4 Rd8+ 39. Kc3
Rcd6 40. Rce1+ Kd7 41. Rd1 Kc6 42. Rxd6+ Rxd6 43. Rf7 h5 44. Rf4 Kc5 45. Re4
Rf6 46. Re5+ Kb6 47. Rb5+ Ka6 48. Rb2 Rd6 49. c5 Rd5 50. Kc4 Rd1 51. c6 Rc1+
52. Kd5 Rd1+ 53. Ke6 Rc1 54. Kd7 Rd1+ 55. Kc7 Rc1 56. Kd7 Rd1+ 57. Kc8 Rc1 58.
c7 {rest unleserlich} 1-0

[Event "DVM U14 2015"]
[Site "Verden/Aller GER"]
[Date "2015.12.27"]
[Round "2"]
[White "Savchenko, Daniel"]
[Black "Wiesner, Alexander"]
[Result "1-0"]
[Termination "normal"]
[Board "2.1"]
[WhiteElo "1849"]
[BlackElo "1886"]
[WhiteTeam "Düsseldorfer SK 14/25"]
[BlackTeam "Karlsruher SF 1853"]
[PlyCount "105"]
[WhiteFideId "12919195"]
[BlackFideId "12943991"]
[EventCountry "GER"]
[EventRounds "7"]
[EventType "team-swiss"]
[EventDate "2015.12.26"]

1. e4 c5 2. Nf3 Nc6 3. d4 cxd4 4. Nxd4 Nf6 5. Nc3 e5 6. Ndb5 d6 7. Nd5 Nxd5 8.
exd5 Nb8 9. a4 Be7 10. Be2 O-O 11. O-O a6 12. Na3 Nd7 13. Be3 f5 14. f3 Bg5 15.
Bf2 Bf4 16. Kh1 Qf6 17. g3 Bg5 18. Nc4 f4 19. Kg2 Qh6 20. Rh1 Rf7 21. h4 Be7
22. g4 Nf8 23. b4 Bd7 24. Nb6 Re8 25. c4 Bd8 26. Nxd7 Nxd7 27. c5 dxc5 28. bxc5
e4 29. fxe4 Rxe4 30. Bf3 Re8 31. Rb1 Ne5 32. d6 Nxf3 33. Qxf3 Qg6 34. Rxb7 Rxb7
35. Qxb7 Qxg4+ 36. Kh2 Bxh4 37. Qb3+ Kh8 38. Re1 Bg3+ 39. Bxg3 fxg3+ 40. Kg2
Re2+ 41. Rxe2 Qxe2+ 42. Kxg3 Qe5+ 43. Kf3 Qf5+ 44. Ke2 Qe4+ 45. Qe3 Qg2+ 46.
Ke1 Qh1+ 47. Kd2 Qd5+ 48. Kc3 Qc6 49. Qd4 Qd7 50. Qe4 h6 51. Qa8+ Kh7 52. Qxa6
Qh3+ 53. Qd3+ 1-0

[Event "DVM U14 2015"]
[Site "Verden/Aller GER"]
[Date "2015.12.27"]
[Round "2"]
[White "Chernykh, Arkady"]
[Black "Kreutzmann, Duke"]
[Result "1-0"]
[Termination "normal"]
[Board "2.2"]
[WhiteElo "1822"]
[BlackElo "1840"]
[WhiteTeam "Karlsruher SF 1853"]
[BlackTeam "Düsseldorfer SK 14/25"]
[PlyCount "111"]
[WhiteFideId "12989436"]
[BlackFideId "1330055"]
[EventCountry "GER"]
[EventRounds "7"]
[EventType "team-swiss"]
[EventDate "2015.12.26"]

1. d4 Nf6 2. Nf3 g6 3. Nc3 Bg7 4. e4 d6 5. Be3 O-O 6. h3 e5 7. d5 c6 8. Qd2
cxd5 9. exd5 a6 10. Bh6 Re8 11. Bxg7 Kxg7 12. O-O-O Nbd7 13. h4 h5 14. Ng5 b5
15. f3 Nb6 16. Qe3 Qc7 17. Nge4 Nbd7 18. Be2 Bb7 19. g4 b4 20. Nxf6 Nxf6 21. g5
Nd7 22. Ne4 Rec8 23. c3 bxc3 24. Nxc3 Rab8 25. Rd2 Qa5 26. Kd1 Nb6 27. Rh3 Nxd5
28. Nxd5 Bxd5 29. Qd3 Qxa2 30. Ke1 Be6 31. Rh2 Rxb2 32. Qxd6 Rxd2 33. Qxd2
Qxd2+ 34. Kxd2 a5 35. Rh1 a4 36. Ra1 Bb3 37. Bd3 Kf8 38. Ra3 Rc5 39. Ra1 Ke7
40. Ra3 Kd6 41. Be4 Kc7 42. Bb1 Kb6 43. Kd3 Rc4 44. Rxb3+ Kc5 45. Rc3 Rxc3+ 46.
Kxc3 Kd6 47. Kb4 Ke7 48. Kxa4 f6 49. Bxg6 fxg5 50. hxg5 h4 51. Bf5 Kf7 52. Kb4
h3 53. Bxh3 Kg6 54. Kc5 Kxg5 55. Kd5 Kf4 56. Bg4 1-0

[Event "DVM U14 2015"]
[Site "Verden/Aller GER"]
[Date "2015.12.27"]
[Round "2"]
[White "Righi, Sofian"]
[Black "Koll, Lukas"]
[Result "1/2-1/2"]
[Termination "normal"]
[Board "2.3"]
[WhiteElo "1620"]
[BlackElo "1633"]
[WhiteTeam "Düsseldorfer SK 14/25"]
[BlackTeam "Karlsruher SF 1853"]
[PlyCount "120"]
[WhiteFideId "12987581"]
[BlackFideId "12969737"]
[EventCountry "GER"]
[EventRounds "7"]
[EventType "team-swiss"]
[EventDate "2015.12.26"]

1. d4 d6 2. c4 e5 3. e3 Bf5 4. Nc3 Nf6 5. Bd3 Bg6 6. Nge2 Be7 7. O-O O-O 8. Ng3
exd4 9. exd4 Nc6 10. Bxg6 hxg6 11. Re1 Qd7 12. b3 d5 13. Be3 Bb4 14. Qd3 Rad8
15. Nge2 Bxc3 16. Qxc3 Rfe8 17. Rad1 Ne4 18. Qc1 Ne7 19. f3 Nf6 20. Ng3 c6 21.
Re2 Nf5 22. Nxf5 Qxf5 23. Rde1 Re6 24. Bf2 Rde8 25. Rxe6 Rxe6 26. Rxe6 Qxe6 27.
Qe3 Qf5 28. Qc1 Qd3 29. h3 Qe2 30. a3 Qa2 31. cxd5 Nxd5 32. b4 Qb3 33. Bg3 Qe3+
34. Qxe3 Nxe3 35. Bb8 a6 36. Kf2 Nc2 37. Ba7 Nxa3 38. Ke2 Kf8 39. Bc5+ Ke8 40.
Kd3 Kd7 41. Bf8 Ke6 42. Bxg7 f6 43. Bf8 b6 44. h4 Nb5 45. Bh6 Nd6 46. g4 Kd5
47. h5 gxh5 48. gxh5 Nf7 49. Bg7 Ke6 50. f4 Kf5 51. Ke3 a5 52. bxa5 bxa5 53. h6
Kg6 54. f5+ Kh7 55. Bxf6 Nxh6 56. Ke4 Nf7 57. Be7 Kg7 58. d5 cxd5+ 59. Kxd5 Nh6
60. Ke6 Nxf5 1/2-1/2

[Event "DVM U14 2015"]
[Site "Verden/Aller GER"]
[Date "2015.12.27"]
[Round "2"]
[White "Koll, Linus"]
[Black "Oezdemir, Edwin-Daniel"]
[Result "1-0"]
[Termination "normal"]
[Board "2.4"]
[WhiteElo "1462"]
[BlackElo "1568"]
[WhiteTeam "Karlsruher SF 1853"]
[BlackTeam "Düsseldorfer SK 14/25"]
[PlyCount "103"]
[WhiteFideId "12990299"]
[BlackFideId "12919055"]
[EventCountry "GER"]
[EventRounds "7"]
[EventType "team-swiss"]
[EventDate "2015.12.26"]

1. e4 e5 2. Bc4 d6 3. d3 Nf6 4. Nf3 Bg4 5. Nbd2 Be7 6. c3 O-O 7. h3 Bd7 8. Nf1
Nc6 9. Ng3 Na5 10. Bb3 Nc6 11. Be3 Nb8 12. Qd2 c6 13. Rd1 a5 14. O-O a4 15. Bc2
Be6 16. a3 c5 17. d4 Bc4 18. Rfe1 Nc6 19. Nf5 Bb3 20. Bxb3 axb3 21. Qd3 Rb8 22.
dxc5 dxc5 23. Qxd8 Rfxd8 24. Rxd8+ Rxd8 25. Nxe7+ Nxe7 26. Bxc5 Nc6 27. Re2 Nh5
28. Rd2 Rxd2 29. Nxd2 Na5 30. Bb6 Nc6 31. Nxb3 Nf4 32. Nc5 f6 33. a4 Ne2+ 34.
Kf1 Nc1 35. a5 Na2 36. Nxb7 Nb8 37. Nc5 Kf8 38. a6 Nc6 39. a7 Nxa7 40. Bxa7 Ke7
41. Ke2 Kd6 42. Kd2 Kc6 43. Nb3 Kb5 44. Kc2 Ka4 45. Nc5+ Kb5 46. Ne6 g6 47. Kb1
Nxc3+ 48. bxc3 Kc4 49. Nf8 Kxc3 50. Nxh7 f5 51. exf5 gxf5 52. g3 1-0

[Event "DVM U14 2015"]
[Site "Verden/Aller GER"]
[Date "2015.12.27"]
[Round "2"]
[White "Silber, Kevin"]
[Black "Browning, Alex"]
[Result "1-0"]
[Termination "normal"]
[Board "3.1"]
[WhiteElo "1836"]
[BlackElo "1933"]
[WhiteTeam "Delmenhorster SK V 1931"]
[BlackTeam "Märkischer Springer Halver-Schalksmühle"]
[PlyCount "83"]
[WhiteFideId "12930440"]
[BlackFideId "12984019"]
[EventCountry "GER"]
[EventRounds "7"]
[EventType "team-swiss"]
[EventDate "2015.12.26"]

1. e4 c5 2. Nf3 d6 3. d4 cxd4 4. Nxd4 Nf6 5. Nc3 a6 6. Bg5 e6 7. f4 h6 8. Bh4
Qb6 9. Bxf6 gxf6 10. Qd2 Qxb2 11. Rb1 Qa3 12. Be2 h5 13. O-O Nd7 14. Kh1 Be7
15. Rf3 Qa5 16. Rh3 h4 17. Bg4 Nc5 18. f5 e5 19. Nb3 Nxb3 20. Rxb3 b5 21. Qf2
Bb7 22. a3 Rc8 23. Bd1 Rc4 24. Be2 Rc5 25. Qe3 Kd7 26. g3 Rhc8 27. gxh4 d5 28.
exd5 Rxd5 29. Bf3 Rxc3 30. Rxc3 Rd1+ 31. Kg2 Bxf3+ 32. Rxf3 Rd4 33. Rd3 Bd6 34.
Rxd4 exd4 35. Qxd4 Qe1 36. Rf2 Kc6 37. Rd2 Bc5 38. Qd5+ Kb6 39. Qd8+ Kc6 40.
Qxf6+ Kc7 41. Qxf7+ Kc6 42. Qe6+ 1-0

[Event "DVM U14 2015"]
[Site "Verden/Aller GER"]
[Date "2015.12.27"]
[Round "2"]
[White "Petri, Ben-Luca"]
[Black "Kölz, Niklas"]
[Result "0-1"]
[Termination "normal"]
[Board "3.3"]
[WhiteElo "1530"]
[BlackElo "1703"]
[WhiteTeam "Delmenhorster SK V 1931"]
[BlackTeam "Märkischer Springer Halver-Schalksmühle"]
[PlyCount "68"]
[WhiteFideId "12947261"]
[BlackFideId "12971758"]
[EventCountry "GER"]
[EventRounds "7"]
[EventType "team-swiss"]
[EventDate "2015.12.26"]

1. e4 c5 2. c4 e6 3. Nc3 a6 4. Nge2 Qc7 5. d4 cxd4 6. Nxd4 Nf6 7. Be3 Bb4 8.
Bd3 d6 9. Qa4+ Nc6 10. O-O Bxc3 11. bxc3 Bd7 12. Qc2 Ne5 13. Qe2 Nfg4 14. Bf4
Nxd3 15. Qxd3 e5 16. Bg3 exd4 17. Qxd4 Ne5 18. f4 Nxc4 19. Qxg7 O-O-O 20. Qxf7
Rdf8 21. Qg7 h5 22. f5 Rfg8 23. f6 Rxg7 24. fxg7 Re8 25. Rf8 Qc5+ 26. Bf2 Qg5
27. Bd4 Ne5 28. Bxe5 dxe5 29. g8=Q Qxg8 30. Rxg8 Rxg8 31. Rf1 Rg4 32. Rf8+ Kc7
33. Rh8 h4 34. Kf2 Rxe4 0-1

[Event "DVM U14 2015"]
[Site "Verden/Aller GER"]
[Date "2015.12.27"]
[Round "2"]
[White "Browning, Rebecca"]
[Black "Rautenberg, Jakob"]
[Result "1-0"]
[Termination "normal"]
[Board "3.4"]
[WhiteElo "1589"]
[BlackElo "1364"]
[WhiteTeam "Märkischer Springer Halver-Schalksmühle"]
[BlackTeam "Delmenhorster SK V 1931"]
[PlyCount "45"]
[WhiteFideId "12984027"]
[BlackFideId "16214749"]
[EventCountry "GER"]
[EventRounds "7"]
[EventType "team-swiss"]
[EventDate "2015.12.26"]

1. e4 e5 2. Nf3 Nc6 3. d4 exd4 4. Nxd4 Nf6 5. Nxc6 bxc6 6. Nc3 Bb4 7. Bg5 d5 8.
Qd4 Bxc3+ 9. bxc3 Qd6 10. e5 Qe6 11. Be2 Nd7 12. Bf4 O-O 13. O-O Re8 14. Rfe1
Nxe5 15. Bg4 Qxg4 16. Rxe5 Rxe5 17. Qxe5 Ba6 18. Re1 Qd7 19. Qg5 Rc8 20. Re7
Re8 21. Be5 Kf8 22. Bxg7+ Kg8 23. Bf6+ 1-0

[Event "DVM U14 2015"]
[Site "Verden/Aller GER"]
[Date "2015.12.27"]
[Round "2"]
[White "Askerov, Imamali"]
[Black "Kopylov, Daniel"]
[Result "0-1"]
[Termination "normal"]
[Board "4.1"]
[WhiteElo "1883"]
[BlackElo "1966"]
[WhiteTeam "Post SV Uelzen"]
[BlackTeam "TuRa Harksheide Norderstedt"]
[PlyCount "108"]
[WhiteFideId "12974498"]
[BlackFideId "12921971"]
[EventCountry "GER"]
[EventRounds "7"]
[EventType "team-swiss"]
[EventDate "2015.12.26"]

1. e4 c5 2. Nf3 Nc6 3. d4 cxd4 4. Nxd4 Nf6 5. Nc3 d6 6. Be3 Ng4 7. Nxc6 bxc6 8.
Qd2 Nxe3 9. Qxe3 g6 10. Bc4 Bg7 11. O-O O-O 12. Bb3 e6 13. Rad1 Ba6 14. Rfe1 d5
15. Qc5 Qb6 16. Na4 Qb5 17. Rc1 Rfd8 18. c4 Qxc5 19. Nxc5 Bxc4 20. Bxc4 dxc4
21. Rxc4 Bxb2 22. Na4 Rd2 23. Nxb2 Rxb2 24. a4 Ra2 25. g3 Rb8 26. e5 Rbb2 27.
Rf4 c5 28. Rd1 Rb4 29. Rf3 Rd4 30. Rb1 Rad2 31. Rb5 c4 32. Rc5 R2d3 33. Rf6 c3
34. Rc7 Rd7 35. Rc4 g5 36. Kg2 R3d4 37. Rxc3 Rxa4 38. Kh3 a5 39. f4 gxf4 40.
gxf4 Rad4 41. Kg4 a4 42. Kh5 Rd3 43. Rc8+ Rd8 44. Rc7 R3d7 45. Rc3 Ra7 46. Ra3
Rb8 47. Rg3+ Kf8 48. Kh6 a3 49. Kxh7 a2 50. Rg8+ Ke7 51. Rg7 Rf8 52. f5 a1=Q
53. Rxe6+ Kd8 54. Rd6+ Rd7 0-1

[Event "DVM U14 2015"]
[Site "Verden/Aller GER"]
[Date "2015.12.27"]
[Round "2"]
[White "Oganessjan, Artur"]
[Black "von Estorff, Jacob"]
[Result "1/2-1/2"]
[Termination "normal"]
[Board "4.2"]
[WhiteElo "1815"]
[BlackElo "1841"]
[WhiteTeam "TuRa Harksheide Norderstedt"]
[BlackTeam "Post SV Uelzen"]
[PlyCount "93"]
[WhiteFideId "12986062"]
[BlackFideId "12974501"]
[EventCountry "GER"]
[EventRounds "7"]
[EventType "team-swiss"]
[EventDate "2015.12.26"]

1. e4 c5 2. Nf3 Nc6 3. d4 cxd4 4. Nxd4 g6 5. c4 Bg7 6. Be3 Nf6 7. Nc3 Ng4 8.
Nxc6 Nxe3 9. Nxd8 Nxd1 10. Rxd1 Kxd8 11. Be2 Bxc3+ 12. bxc3 b6 13. f4 Bb7 14.
Rd4 Kc7 15. Kf2 d6 16. Rhd1 Rad8 17. e5 dxe5 18. fxe5 f6 19. exf6 exf6 20. Bf3
Bxf3 21. gxf3 Rhe8 22. a4 a6 23. Rd5 Rxd5 24. Rxd5 Kc6 25. h4 h5 26. Rd3 Re6
27. f4 Kc5 28. Rd4 Rd6 29. f5 gxf5 30. Rf4 Re6 31. Rxf5+ Kxc4 32. Rxh5 Kxc3 33.
Rf5 Kb3 34. Rf4 b5 35. axb5 axb5 36. h5 b4 37. h6 Re8 38. Kg3 Kc3 39. Rf3+ Kc2
40. Rf2+ Kc3 41. Kg4 b3 42. Rxf6 Rb8 43. Rf2 b2 44. Rxb2 Rxb2 45. Kg5 Rh2 46.
Kg6 Rxh6+ 47. Kxh6 1/2-1/2

[Event "DVM U14 2015"]
[Site "Verden/Aller GER"]
[Date "2015.12.27"]
[Round "2"]
[White "Knüdel, Torben"]
[Black "Köhler, Inken"]
[Result "0-1"]
[Termination "normal"]
[Board "4.3"]
[WhiteElo "1697"]
[BlackElo "1836"]
[WhiteTeam "Post SV Uelzen"]
[BlackTeam "TuRa Harksheide Norderstedt"]
[PlyCount "64"]
[WhiteFideId "16208820"]
[BlackFideId "12929301"]
[EventCountry "GER"]
[EventRounds "7"]
[EventType "team-swiss"]
[EventDate "2015.12.26"]

1. e4 c5 2. Nf3 e6 3. b4 cxb4 4. d4 Nf6 5. Bd3 Nc6 6. O-O Be7 7. c4 d5 8. cxd5
exd5 9. e5 Ne4 10. Re1 Ng5 11. Nxg5 Bxg5 12. f4 Qb6 13. Bb5 Qxb5 14. fxg5 Bf5
15. Be3 O-O 16. Nd2 Rac8 17. Nb3 Na5 18. Nxa5 Qxa5 19. g4 Be4 20. Qb3 Rc2 21.
Bf2 Rfc8 22. a3 Qd8 23. axb4 R2c3 24. Qd1 Qxg5 25. Bg3 Bf3 26. Qa4 Qxg4 27. Rf1
Qxd4+ 28. Bf2 Qg4+ 29. Bg3 Qh3 30. Ra2 Be4 31. Be1 Qg4+ 32. Kf2 Qg2# 0-1

[Event "DVM U14 2015"]
[Site "Verden/Aller GER"]
[Date "2015.12.27"]
[Round "2"]
[White "Engel, Luis"]
[Black "Kesselmeier, Kevin"]
[Result "1-0"]
[Termination "normal"]
[Board "5.1"]
[WhiteElo "2117"]
[BlackElo "1660"]
[WhiteTeam "Hamburger SK von 1830"]
[BlackTeam "SK Blauer Springer Paderborn 1926"]
[PlyCount "61"]
[WhiteFideId "12961523"]
[BlackFideId "16217551"]
[EventCountry "GER"]
[EventRounds "7"]
[EventType "team-swiss"]
[EventDate "2015.12.26"]

1. d4 Nf6 2. Nf3 g6 3. Bf4 Bg7 4. e3 d6 5. h3 O-O 6. Be2 Nc6 7. O-O Bd7 8. Nbd2
Re8 9. Bh2 Nd5 10. c3 a5 11. a4 Nb6 12. Nc4 Nxc4 13. Bxc4 e5 14. Qb3 Rf8 15.
dxe5 dxe5 16. Rfd1 h6 17. Rd2 e4 18. Nh4 Qxh4 19. Rxd7 Be5 20. Bxf7+ Kh8 21.
Bxg6 Qxf2+ 22. Kh1 Bg7 23. Bxe4 Rae8 24. Bxc6 bxc6 25. Bf4 Be5 26. Qc4 Rg8 27.
Qe4 Bg7 28. Qg6 Qxb2 29. Rb1 Qxc3 30. Bxh6 Qf6 31. Bxg7+ 1-0

[Event "DVM U14 2015"]
[Site "Verden/Aller GER"]
[Date "2015.12.27"]
[Round "2"]
[White "Schlangenotto, Niklas"]
[Black "Holinka, Henning"]
[Result "0-1"]
[Termination "normal"]
[Board "5.2"]
[WhiteElo "1661"]
[BlackElo "2027"]
[WhiteTeam "SK Blauer Springer Paderborn 1926"]
[BlackTeam "Hamburger SK von 1830"]
[PlyCount "101"]
[WhiteFideId "16217560"]
[BlackFideId "12967084"]
[EventCountry "GER"]
[EventRounds "7"]
[EventType "team-swiss"]
[EventDate "2015.12.26"]

1. d4 g6 2. Nf3 Bg7 3. g3 d6 4. Bg2 Nd7 5. O-O e5 6. e3 Ne7 7. c4 O-O 8. Nc3 h6
9. Qc2 f5 10. b3 g5 11. Ne2 Ng6 12. Bb2 Qf6 13. d5 Qf7 14. Nd2 Nf6 15. Rae1 e4
16. b4 Ne5 17. Nc1 Qh5 18. Bxe5 Ng4 19. h3 Nxe5 20. f4 exf3 21. Nxf3 a5 22. b5
Bd7 23. Nd3 b6 24. a4 Rae8 25. Ndxe5 dxe5 26. Qd2 e4 27. Nd4 Qg6 28. Nb3 Qd6
29. g4 fxg4 30. hxg4 Qg3 31. Rxf8+ Rxf8 32. Rf1 Rxf1+ 33. Kxf1 Bxg4 34. Qf2 Qe5
35. Qd2 h5 36. c5 h4 37. cxb6 cxb6 38. d6 h3 39. Bh1 Qf5+ 40. Qf2 Qd5 41. Qc2
Qxd6 42. Bxe4 Qd1+ 43. Qxd1 Bxd1 44. Bd5+ Kh7 45. e4 g4 46. Nd2 g3 47. e5 Bxe5
48. Be4+ Kg7 49. Nf3 g2+ 50. Kg1 Bxf3 51. Bxf3 0-1

[Event "DVM U14 2015"]
[Site "Verden/Aller GER"]
[Date "2015.12.27"]
[Round "2"]
[White "Engel, Robert"]
[Black "Wanke, Mathis"]
[Result "1-0"]
[Termination "normal"]
[Board "5.3"]
[WhiteElo "1839"]
[BlackElo "1544"]
[WhiteTeam "Hamburger SK von 1830"]
[BlackTeam "SK Blauer Springer Paderborn 1926"]
[PlyCount "169"]
[WhiteFideId "12974684"]
[BlackFideId "16217578"]
[EventCountry "GER"]
[EventRounds "7"]
[EventType "team-swiss"]
[EventDate "2015.12.26"]

1. e4 c5 2. Nf3 d6 3. d4 cxd4 4. Nxd4 Nf6 5. f3 e5 6. Nb3 Be6 7. c4 Be7 8. Be3
O-O 9. Nc3 Nbd7 10. Nd5 Bxd5 11. cxd5 a6 12. Be2 Rc8 13. O-O Rc7 14. Qd2 Qb8
15. Rac1 Rfc8 16. Rxc7 Rxc7 17. Rc1 Qc8 18. Kf2 Rxc1 19. Qxc1 Qxc1 20. Bxc1 Bd8
21. Bd2 Kf8 22. Na5 Bb6+ 23. Ke1 Nc5 24. Nc4 Bc7 25. Bb4 Nfd7 26. Kd2 Ke7 27.
Bd1 g6 28. Bc3 Nf6 29. b4 Ncd7 30. a4 b6 31. g3 Ne8 32. Bc2 Nb8 33. f4 f6 34.
Ne3 Bd8 35. Bd3 Ng7 36. Ke2 Nh5 37. Kf3 Ng7 38. h3 Bc7 39. Nc4 Ne8 40. h4 Ng7
41. Be2 h5 42. Bd3 Kf7 43. Bd2 Ne8 44. Be3 Nd7 45. a5 b5 46. Na3 Ke7 47. Nxb5
axb5 48. Bxb5 Kd8 49. a6 Bb8 50. a7 Bxa7 51. Bxa7 Kc7 52. Bc6 f5 53. exf5 gxf5
54. b5 e4+ 55. Ke2 Nef6 56. Bd4 Ng4 57. Bc3 Ngf6 58. Ba5+ Nb6 59. Ke1 Ng8 60.
Be8 Nh6 61. Bxh5 Kb7 62. Be8 Nc4 63. Bc3 Kb6 64. Bd4+ Ka5 65. h5 Ng4 66. Bg7
Nb6 67. Bc6 Kb4 68. h6 Nxh6 69. Bxh6 Kc5 70. Bf8 Nc8 71. Bd7 Nb6 72. Bxf5 Kxd5
73. Bxd6 Kxd6 74. Bxe4 Nd7 75. Ke2 Ke7 76. Kf3 Kf7 77. g4 Kg7 78. g5 Kf7 79.
g6+ Kf6 80. Kg4 Kg7 81. Kg5 Nc5 82. Bd5 Nd7 83. f5 Nf6 84. b6 Nd7 85. b7 1-0

[Event "DVM U14 2015"]
[Site "Verden/Aller GER"]
[Date "2015.12.27"]
[Round "2"]
[White "Müller, Noah"]
[Black "Meyling, Lennart"]
[Result "0-1"]
[Termination "normal"]
[Board "5.4"]
[WhiteElo "1619"]
[BlackElo "1763"]
[WhiteTeam "SK Blauer Springer Paderborn 1926"]
[BlackTeam "Hamburger SK von 1830"]
[PlyCount "73"]
[WhiteFideId "16217586"]
[BlackFideId "12947130"]
[EventCountry "GER"]
[EventRounds "7"]
[EventType "team-swiss"]
[EventDate "2015.12.26"]

1. c4 Nf6 2. g3 g6 3. Bg2 Bg7 4. Nc3 O-O 5. e4 d6 6. Nge2 Nc6 7. O-O Ne5 8. d3
c5 9. h3 Ne8 10. f4 Nc6 11. Kh2 Qd7 12. Be3 Nd4 13. Qd2 e5 14. Nd5 Nc7 15. Nec3
Nxd5 16. Nxd5 Rb8 17. Rab1 b5 18. Bxd4 exd4 19. b3 h5 20. f5 Re8 21. Qg5 Re5
22. Rf2 bxc4 23. dxc4 Bb7 24. Nf6+ Bxf6 25. Qxf6 Kh7 26. Re1 Qe7 27. fxg6+ fxg6
28. Qf7+ Kh6 29. Qf4+ Kg7 30. h4 Rf8 31. Qxf8+ Qxf8 32. Rxf8 Kxf8 33. Bf3 Ke7
34. Kg2 d5 35. cxd5 Bxd5 36. Kf2 Bc6 37. a4 {Rest unleserlich} 0-1

[Event "DVM U14 2015"]
[Site "Verden/Aller GER"]
[Date "2015.12.27"]
[Round "2"]
[White "Tong, Kevin"]
[Black "Schneider, Jana"]
[Result "0-1"]
[Termination "normal"]
[Board "6.1"]
[WhiteElo "2033"]
[BlackElo "2113"]
[WhiteTeam "SC Erlangen 48/88"]
[BlackTeam "Spvgg 1946 Stetten"]
[PlyCount "60"]
[WhiteFideId "12913944"]
[BlackFideId "12924997"]
[EventCountry "GER"]
[EventRounds "7"]
[EventType "team-swiss"]
[EventDate "2015.12.26"]

1. e4 e5 2. Nf3 Nc6 3. Bc4 Bc5 4. c3 Nf6 5. d3 O-O 6. Nbd2 d5 7. exd5 Nxd5 8.
O-O Nb6 9. Ne4 Nxc4 10. Nxc5 Qe7 11. Nb3 Nd6 12. Re1 Bg4 13. h3 Bh5 14. Qe2
Rae8 15. Nc5 f5 16. Qe3 e4 17. Nd4 f4 18. Nxc6 bxc6 19. Qd4 e3 20. fxe3 Nb5 21.
Qb4 f3 22. Rf1 fxg2 23. Rxf8+ Rxf8 24. Bd2 Be2 25. Qc4+ Kh8 26. Ne4 Qh4 27.
Kxg2 Bf3+ 28. Kh2 Bxe4 29. Qxe4 Rf2+ 30. Kg1 Qg3+ 0-1

[Event "DVM U14 2015"]
[Site "Verden/Aller GER"]
[Date "2015.12.27"]
[Round "2"]
[White "Roth, Jakob"]
[Black "Haas, Maximilian"]
[Result "1-0"]
[Termination "normal"]
[Board "6.2"]
[WhiteElo "1774"]
[BlackElo "1650"]
[WhiteTeam "Spvgg 1946 Stetten"]
[BlackTeam "SC Erlangen 48/88"]
[PlyCount "57"]
[WhiteFideId "12952605"]
[BlackFideId "12959219"]
[EventCountry "GER"]
[EventRounds "7"]
[EventType "team-swiss"]
[EventDate "2015.12.26"]

1. d4 d5 2. c4 e6 3. Nc3 Nf6 4. Nf3 c6 5. e3 Nbd7 6. Bd3 Bd6 7. e4 dxe4 8. Nxe4
Nxe4 9. Bxe4 Qc7 10. O-O Nf6 11. Bc2 h6 12. b3 Bd7 13. Bb2 O-O-O 14. Qe2 Rdg8
15. Bc3 Nh7 16. b4 Ng5 17. Ne5 Bxe5 18. dxe5 Nh7 19. Bd4 f6 20. a4 fxe5 21.
Bxe5 Qb6 22. Bg3 Nf6 23. Qe5 Kd8 24. Bg6 Ng4 25. Qb8+ Ke7 26. Qd6+ Kf6 27. Bh5
Rd8 28. Qf4+ Ke7 29. Qf7# 1-0

[Event "DVM U14 2015"]
[Site "Verden/Aller GER"]
[Date "2015.12.27"]
[Round "2"]
[White "Grüninger, Maxim"]
[Black "Häusler, Luis"]
[Result "0-1"]
[Termination "normal"]
[Board "6.3"]
[WhiteElo "1579"]
[BlackElo "1390"]
[WhiteTeam "SC Erlangen 48/88"]
[BlackTeam "Spvgg 1946 Stetten"]
[PlyCount "68"]
[WhiteFideId "12942960"]
[BlackFideId "12942928"]
[EventCountry "GER"]
[EventRounds "7"]
[EventType "team-swiss"]
[EventDate "2015.12.26"]

1. e4 c5 2. Nf3 d6 3. d4 cxd4 4. Nxd4 Nf6 5. Nc3 a6 6. Be3 e6 7. Be2 Be7 8. O-O
b5 9. a3 Bb7 10. f3 Qc7 11. Kh1 Nbd7 12. Qd2 Rc8 13. Rac1 O-O 14. Qe1 Rfd8 15.
Qf2 d5 16. exd5 Nxd5 17. Nxd5 Bxd5 18. Rfd1 Bd6 19. Qh4 Nc5 20. Bd3 Nxd3 21.
Rxd3 Be7 22. Qg4 f5 23. Qf4 e5 24. Qxf5 exd4 25. Bxd4 Bc4 26. Rdd1 Bc5 27. Bxc5
Rxd1+ 28. Rxd1 Qxc5 29. Qg4 Re8 30. h3 Qe5 31. Rd4 Bf7 32. c3 Qe2 33. Qd7 Qxb2
34. Rf4 Qc1+ 0-1